| 000 | 00821nam a2200205 i 4500 | ||
|---|---|---|---|
| 001 | 36849 | ||
| 003 | ES-MaACL | ||
| 005 | 20260127062525.0 | ||
| 007 | t| | ||
| 008 | 030219s1945 sp |||| | spa d | ||
| 100 | 1 |
_aBullón y Fernández, Eloy, _cMarqués de Selva Alegre, _d1879-1957 _932523 |
|
| 245 | 1 | 0 |
_aMenéndez Pelayo y la tradición jurídica española / _cdiscurso leído por Marqués de Selva Alegre Eloy Bulón Fernández. |
| 260 |
_aMadrid : _b[s.n., _c1945] ( _fViuda de Galo Saéz) |
||
| 300 |
_a67 p. ; _c18 cm. |
||
| 500 | _aPrecede al tít.: Real Academia de Jurisprudencia y Legislación. | ||
| 600 | 1 | 7 |
_aMenéndez y Pelayo, Marcelino, _d1856-1912 _2embne _980332 |
| 700 |
_aReal Academia de Jurisprudencia y Legislación de España _9217612 |
||
| 852 |
_aES-MaACL _j1620-F-15 |
||
| 999 |
_c36849 _d36849 |
||